Spatial prediction of soil properties using machine learning approach (Record no. 6536)

MARC details
000 -LEADER
fixed length control field 00545nam a22001817a 4500
003 - CONTROL NUMBER IDENTIFIER
control field OSt
005 - DATE AND TIME OF LATEST TRANSACTION
control field 20220107122852.0
008 - FIXED-LENGTH DATA ELEMENTS--GENERAL INFORMATION
fixed length control field 190628b xxu||||| |||| 00| 0 eng d
040 ## - CATALOGING SOURCE
Transcribing agency IIITMK
100 ## - MAIN ENTRY--PERSONAL NAME
Personal name Anitta James (92317002)
9 (RLIN) 16024
245 ## - TITLE STATEMENT
Title Spatial prediction of soil properties using machine learning approach
300 ## - PHYSICAL DESCRIPTION
Extent MSC GIS 2017-2019
502 ## - DISSERTATION NOTE
Degree type MSC GIS
Name of granting institution 2017-2019
Year degree granted INT
-- Radhakrishnan T
650 ## - SUBJECT ADDED ENTRY--TOPICAL TERM
Topical term or geographic name entry element SPATIAL PREDICTION
9 (RLIN) 16025
650 ## - SUBJECT ADDED ENTRY--TOPICAL TERM
Topical term or geographic name entry element ORDINARY KRIGING
9 (RLIN) 16026
650 ## - SUBJECT ADDED ENTRY--TOPICAL TERM
Topical term or geographic name entry element MACHINE LEARNING
9 (RLIN) 16027
942 ## - ADDED ENTRY ELEMENTS (KOHA)
Source of classification or shelving scheme Dewey Decimal Classification
Koha item type
Holdings
Withdrawn status Lost status Source of classification or shelving scheme Damaged status Not for loan Collection code Home library Current library Shelving location Date acquired Total Checkouts Barcode Date last seen Price effective from Koha item type
    Dewey Decimal Classification     Non Fiction IIITM-K Kerala University of Digital Sciences, Innovation and Technology Knowledge Centre   28/06/2019   R-1524 28/06/2019 28/06/2019 Project Reports